|
|
|
|
| LEADER |
00000nam0a2200000 4500 |
| 001 |
100126 |
| 005 |
20231031112032.0 |
| 035 |
|
|
|a (RuTPU)RU\TPU\book\107706
|
| 090 |
|
|
|a 100126
|
| 100 |
|
|
|a 20060815d1961 k y0rusy50 ca
|
| 101 |
0 |
|
|a rus
|
| 102 |
|
|
|a RU
|
| 105 |
|
|
|a y a 000zy
|
| 200 |
1 |
|
|a Коррозия и защита металлов
|e библиография отечественной литературы за период 1917-1959 годы
|f сост. В. В. Красноярский, Ф. М. Резник
|
| 210 |
|
|
|a Москва
|c Машгиз
|d 1961
|
| 215 |
|
|
|a 275 с.
|
| 610 |
1 |
|
|a коррозия
|
| 610 |
1 |
|
|a коррозия металлов
|
| 610 |
1 |
|
|a коррозия неметаллических материалов
|
| 610 |
1 |
|
|a защита от коррозии
|
| 610 |
1 |
|
|a библиографические указатели
|
| 675 |
|
|
|a 6
|v 3
|
| 675 |
|
|
|a 620.191(01)
|v 3
|
| 686 |
|
|
|a Я19
|v LBC/SL-A
|2 rubbk
|
| 702 |
|
1 |
|a Красноярский
|b В. В.
|4 220
|
| 702 |
|
1 |
|a Резник
|b Ф. М.
|4 220
|
| 801 |
|
1 |
|a RU
|b 63413507
|c 20060815
|g PSBO
|
| 801 |
|
2 |
|a RU
|b 63413507
|c 20120719
|g RCR
|
| 942 |
|
|
|c BK
|